00750nam a2200181Ia 4500008004100000020001800041050002000059082002200079100001600101245007000117260002900187300001700216500007800233650005200311700009100363952009700454999001700551121101s9999 xx 000 0 und d a970-17-0324-3 aQA76.6 P47 1999 a004.35 P462a 1999 aPerry, Greg aAprendiendo principios de programación en 24 horas / Greg Perry aMéxico : Prentice Hall aXVII, 492 p. aTítulo original: Sams teach yourself beginning programming in 24 hours. a1. COMPUTACIÓN BÁSICA 2. MULTIPROCESADORES aI. Morales Peake, David, tr. II. Quintana López, Maricela, revisión técnica.Ì 00104070a12b12d2008-11-28l0oQA76.6 P47 1999p12 000882r2015-04-22t1w2012-11-01yLB c86977d86977